Historie výroby a vývoje stavebních strojů v českých zemích. V., Užitková vozidla ve stavebnictví /

Hlavní autor: Kolomý, Radoslav
Jazyk: Čeština
Vydáno: Praha : Národní technické muzeum, 2020
Edice: Práce z dějin techniky a přírodních věd
Témata:
Fyzický popis: 211 stran : ilustrace, faksimile ; 25 cm
Language note: Anglické resumé
Knihy
Uloženo v:
LEADER 01974nam a2200529 i 4500
001 nkc20213310043
003 CZ PrNK
005 20210803092010.0
007 ta
008 210226s2020 xr ah f 000 0 cze
015 |a cnb003310043 
020 |a 978-80-7037-331-6  |q (brožováno) 
035 |a (OCoLC)1250249774 
040 |a OLA001  |b cze  |e rda 
041 0 |a cze  |b eng 
043 |a e-xr--- 
072 7 |a 629  |x Dopravní prostředky  |2 Konspekt  |9 19 
080 |a 629.35  |2 MRF 
080 |a 629.35/.36  |2 MRF 
080 |a (437.3)  |2 MRF 
080 |a (048.8)  |2 MRF 
100 1 |a Kolomý, Radoslav  |7 xx0024317  |4 aut 
245 1 0 |a Historie výroby a vývoje stavebních strojů v českých zemích.  |n V.,  |p Užitková vozidla ve stavebnictví /  |c Radoslav Kolomý 
246 3 0 |a Užitková vozidla ve stavebnictví 
264 1 |a Praha :  |b Národní technické muzeum,  |c 2020 
300 |a 211 stran :  |b ilustrace, faksimile ;  |c 25 cm 
336 |a text  |b txt  |2 rdacontent 
336 |a statický obraz  |b sti  |2 rdacontent 
337 |a bez média  |b n  |2 rdamedia 
338 |a svazek  |b nc  |2 rdacarrier 
490 1 |a Práce z dějin techniky a přírodních věd ;  |v svazek 59 
500 |a 200 výtisků 
504 |a Obsahuje bibliografii a bibliografické odkazy 
546 |a Anglické resumé 
650 0 7 |a nákladní automobily  |7 ph115494  |z Česko  |2 czenas 
650 0 7 |a užitková vozidla  |7 ph116546  |z Česko  |2 czenas 
650 0 9 |a trucks  |z Czechia  |2 eczenas 
650 0 9 |a commercial vehicles  |z Czechia  |2 eczenas 
655 7 |a monografie  |7 fd132842  |2 czenas 
655 9 |a monographs  |2 eczenas 
830 0 |a Práce z dějin techniky a přírodních věd  |0 s 
910 2 |a BOA001  |b 2-1321.205,5 
990 |a BK 
995 |a 01 
991 |b 202105  |c NOV 
996 6 |b 2610861170  |c 2-1321.205,5  |l MZK  |r Sklad / do 1 hodiny  |n 0  |p p.v.  |w 001846683  |u 000010  |a 1  |e BOA001  |j MZK50  |s P 
996 7 |b 2610874691  |c 2-1321.205,5  |l MZK  |r Sklad / do 1 hodiny  |n 2  |p kup  |w 001846683  |u 000020  |a 1  |e BOA001  |j MZK50  |s A